This means war: the most warmongering countries - Statistics

General Stats
  • This quiz has been taken 95 times
  • The average score is 4 of 9
Answer Stats
Hint Answer % Correct
2. USA
100%
4. UK
92%
6. France
76%
7. Australia
39%
9. Niger
26%
1. Uganda
20%
3. Rwanda
17%
8. Chad
13%
5. Estonia
6%
No matching quizzes found
Score Distribution
Percent of People with Each Score
Percentile by Number Answered
Your Score History
You have not taken this quiz